00926nam a2200193 a 450000100100000000500170001000800410002704000250006808200140009311101190010724500660022624600440029226000800033630000360041670000330045295201120048595201180059799900170071500003127120200930062820.0110503s2008 dr ac 000 0 spa d aDO-SdBNPbspacBNPHU axxxbC7442 aConcurso de Arte Eduardo León Jimenesn(22 :d2008 :cSantiago de los Caballeros, República Dominicana)95773710aCatalogo de obras 2008 /cintroducción Lidia León Cabral.22aConcurso de arte Eduardo León Jimenes aSantiago de los Caballeros, República Dominicana :bCentro León,c2008. a146 p. :bil., retrs. ;c31 cm.1 aLeón Cabral, José957738 0010718PDaPDbPDcHDd2011-06-17iLF1l0oxxx C744p31271-10r2020-06-25w2020-06-25yLFPDZNo se presta 0010718PDaPDbPDcCTd2011-06-28iLF1l0oxxx C744p31271-20r2020-06-25te. 2w2020-06-25yLFPDZNo se presta c30763d30763